[Event "RUS-chT Premier 2019"]
[Site "Sochi"]
[Date "2019.05.10"]
[Round "9.19"]
[White "Riazantsev, Alexander"]
[Black "Schekachikhin, Maksim"]
[Result "1/2-1/2"]
[WhiteElo "2653"]
[BlackElo "2424"]
[Annotator "TA"]
[PlyCount "194"]
[EventDate "2019.05.01"]
[EventType "team-tourn"]
[EventCountry "RUS"]
[SourceTitle "playchess.com"]
[Source "ChessBase"]
[SourceQuality "1"]

{[%evp 15,194,26,31,22,33,16,18,5,20,30,15,30,14,22,29,34,31,0,0,0,0,0,0,0,0,0,27,0,0,0,0,-25,-34,-39,-31,-13,-22,-41,-53,-75,-13,-39,0,5,0,-5,0,-75,-77,-89,-102,-106,-97,-129,-130,-114,-75,-95,-55,-60,-50,-33,-32,-90,-90,-90,-90,-90,-90,-161,-103,-108,-110,-110,-102,-95,-90,-90,-83,-83,-75,-110,-95,-118,-118,-137,-95,-109,-108,-116,-108,-102,-95,-95,0,-107,-95,-95,-95,-95,-95,-95,-83,-95,-83,-95,-83,-95,-95,-101,-75,-75,-75,-75,-75,-75,-75,-75,-75,-75,-75,-75,-75,-75,-75,-75,0,-75,-75,-75,-75,-95,-95,-95,-95,-95,-70,-70,-70,-70,0,-17,-25,-25,-25,-25,-25,-25,-25,-25,0,-25,-25,-25,-25,-25,-25,-25,-25,-25,-25,-25,0,0,0,0,0,0,0,0,0,0,0,0,0,0,0,0,0,0,0]} 1. d4 Nf6 2. c4 c6 3. Nf3 d5 4. e3 Bf5 5. Nc3 e6 6. Nh4 Be4 7. f3 Bg6 8. Qb3 Qc7 9. Bd2 {D12: Slav Defence: 3 Nf3 Nf6 4 e3 Bf5} Be7 10. O-O-O (10. cxd5 Nxd5 11. Nxg6 hxg6 12. O-O-O Nd7 13. Nxd5 cxd5+ 14. Kb1 a6 15. Rc1 Qb8 16. Bb4 a5 {½-½ (51) Eljanov,P (2680)-Postny,E (2623) chess.com INT 2019}) 10... dxc4 11. Bxc4 b5 12. Be2 ({Wrong is} 12. Nxg6 $2 bxc4 13. Qxc4 (13. Nb5 $2 Qd7 $19) 13... hxg6 $19) 12... a6 13. Nxg6 hxg6 14. Ne4 Nbd7 15. Kb1 Rc8 16. Rc1 Rxh2 $146 ({Predecessor:} 16... Nxe4 17. fxe4 {1-0 (38) Narkun,M (2273)-Schlotterbeck,P (2158) LSS email 2013}) 17. Ba5 Qb8 18. a4 Rxh1 19. Rxh1 Nd5 20. Be1 N7f6 21. Bd2 Nb6 22. axb5 axb5 23. Nc5 Bxc5 $1 24. dxc5 Nbd7 25. e4 Ke7 26. Be3 Rd8 27. g4 Qe5 (27... e5 $17) 28. Qc2 $11 Ra8 29. Rd1 Qc7 30. Qd2 Ne8 31. Bf4 {[#]} (31. f4 $11 {remains equal.}) 31... e5 $1 $36 {[%cal Re5f4][%mdl 2048] White is under strong pressure.} ({But not} 31... Qa7 32. Bd6+ Kd8 33. Qg5+ f6 34. Qxg6 $11) 32. Bg5+ f6 33. Be3 Qa7 34. Qc3 Qa2+ 35. Kc2 Qa4+ 36. Kc1 Qa1+ (36... g5 {seems wilder.} 37. Rd3 Qa1+ 38. Kd2 Nf8 39. Qc1 Qa5+) 37. Kd2 Qa5 38. Qxa5 Rxa5 39. Kc3 (39. g5 $15) 39... g5 40. Bd3 Nc7 41. Bc2 Ne6 42. Rd6 {[#]} (42. b4 $17 Ra8 43. Bb3) 42... Ra6 (42... Ndxc5 $6 43. Rxc6 Nd7 44. Bb3 $11) ({Better is} 42... Nd4 $1 $19 43. Bxd4 exd4+ 44. Rxd4 Nxc5) 43. Kb4 Nd8 44. Rd1 Ra2 45. Kc3 Nb7 46. b4 Nf8 47. Bb3 Ra8 48. Rh1 Ng6 49. Bf2 Nd8 50. Rh7 Kf8 51. Rh1 Ra7 52. Rd1 Ke7 53. Rh1 Rd7 54. Rd1 Ra7 (54... Rb7 $17) 55. Kb2 (55. Rh1 $1 $11 {was the only way to keep the balance.}) 55... Nh4 56. Rd3 Rc7 57. Bd1 Ne6 58. Rd6 Ng6 59. Bb3 Nd8 60. Rd1 Nf4 61. Be3 Ng2 62. Bf2 Rd7 (62... Nh4 {feels hotter.} 63. Rd3 Ne6 64. Bd1 Nf4 65. Rd2 Rc8) 63. Rxd7+ Kxd7 {[%mdl 4096] Endgame KBB-KNN} 64. Kc3 Nh4 65. Bd1 Ne6 66. Kd3 Nf4+ 67. Ke3 Nhg2+ 68. Kd2 Ke7 69. Bb3 Nh3 70. Bg3 Nhf4 71. Bf2 Nh4 72. Ke3 Ne6 73. Bxe6 {aiming for Bb3.} Ng2+ 74. Ke2 {Strongly threatening Bb3.} Kxe6 {KB-KN} 75. Be1 g6 ({Of course not} 75... Nxe1 76. Kxe1 Kf7 77. Kd2 $11) 76. Bc3 Nf4+ 77. Ke3 f5 (77... Kd7 $15) 78. Bd2 Kf6 79. Bc3 Ne6 80. Bb2 Nf8 81. Kf2 Nd7 82. Bc1 Nf8 83. Bd2 Nh7 84. Bc1 Ke6 85. Bd2 Kf7 86. Bc1 Ke7 87. Bd2 Ke6 88. Bc1 Nf6 89. Bxg5 {The position is equal.} Nd7 90. Bd2 f4 91. Kg2 Kf6 92. Be1 Nf8 93. Bh4+ Kf7 94. Be1 Ne6 95. Bc3 Kf6 96. Kf2 Ng5 97. Kg2 Ke6 {Accuracy: White = 57%, Black = 72%.} 1/2-1/2

[Event "RUS-chT Premier 2019"]
[Site "Sochi"]
[Date "2019.05.10"]
[Round "9.20"]
[White "Duzhakov, Ilya"]
[Black "Motylev, Alexander"]
[Result "0-1"]
[WhiteElo "2388"]
[BlackElo "2650"]
[Annotator "TA"]
[PlyCount "62"]
[EventDate "2019.05.01"]
[EventType "team-tourn"]
[EventCountry "RUS"]
[SourceTitle "playchess.com"]
[Source "ChessBase"]
[SourceQuality "1"]

{[%evp 9,72,-6,-6,-6,-13,-7,1,-6,-8,-58,-41,-44,-53,-47,-42,-45,-51,-64,-53,-62,-59,-79,-54,-58,-52,-49,-55,-55,-59,-65,-41,-56,-46,-50,-37,-40,-41,-122,-121,-119,-45,-228,-234,-233,-229,-263,-278,-279,-272,-400,-396,-391,-359,-372,-275,-264,-269,-254,-254,-409,-409,-659,-644,-610,-586]} 1. d4 d5 2. c4 e6 3. Nc3 a6 4. Nf3 (4. cxd5 exd5 5. Nf3 h6 6. Bf4 Nf6 7. e3 Bd6 8. Bxd6 Qxd6 9. Qc2 O-O 10. Bd3 Re8 11. h3 Be6 12. O-O Nbd7 13. a4 {½-½ (40) Shankland,S (2725)-Carlsen,M (2835) Wijk aan Zee 2019}) 4... dxc4 5. a4 Nc6 6. e3 {D31: Queen's Gambit Declined: Semi-Slav without ...Nf6 (+ Marshall Gambit and Noteboom) and Exchange Variation lines without ...Nf6} Na5 7. Ne5 Nf6 8. Nxc4 {The position is equal.} c5 9. Ne5 Bd6 10. Be2 O-O $146 ({Predecessor:} 10... Nd7 11. Nf3 cxd4 12. exd4 {1-0 (42) Burn,A-Blackburne,J Ostend 1905}) 11. O-O Qc7 12. Nf3 Rd8 13. Qc2 b6 14. dxc5 bxc5 15. h3 Rb8 16. Rb1 c4 17. e4 h6 18. Be3 e5 19. Rfd1 Be6 20. Nd5 Nxd5 21. exd5 Bd7 22. Bd2 Nb3 23. Bxc4 (23. Qxc4 $15 Qxc4 24. Bxc4) 23... Bxa4 $17 24. Rdc1 Qb7 (24... Nxc1 $17 25. Qxa4 {[#]} Rb4 $1 {[%mdl 512]} 26. Bxb4 Qxc4 {[%mdl 64] Double Attack}) 25. Re1 $2 ({White should try} 25. Bc3 $15) 25... Nxd2 $19 {[%mdl 64] [#] Discovered Attack} 26. Qxd2 Bb4 {[%mdl 64] Skewer} 27. Qe3 Bxe1 28. Rxe1 Bb3 ({Less strong is} 28... Qxb2 29. Nxe5 Qb4 30. d6 $17) 29. Bd3 (29. Nxe5 $142 Bxc4 {[%mdl 64] Discovered Attack} 30. Nxc4) 29... Bxd5 30. Nxe5 Re8 {aiming for ...f6.} 31. Qd4 Rbd8 {Played: Qb7-b4} 0-1

[Event "RUS-chT Premier 2019"]
[Site "Sochi"]
[Date "2019.05.10"]
[Round "9.21"]
[White "Sarana, Alexey"]
[Black "Vlasenko, Miroslav"]
[Result "1/2-1/2"]
[WhiteElo "2636"]
[BlackElo "2424"]
[Annotator "TA"]
[PlyCount "161"]
[EventDate "2019.05.01"]
[EventType "team-tourn"]
[EventCountry "RUS"]
[SourceTitle "playchess.com"]
[Source "ChessBase"]
[SourceQuality "1"]

{[%evp 22,161,42,44,34,29,32,1,3,-1,50,45,56,49,45,49,93,100,92,97,82,70,125,87,104,89,95,54,77,70,74,70,85,63,87,65,79,83,92,89,81,96,87,76,73,57,207,202,186,228,222,197,1325,410,414,404,1910,424,396,231,204,223,271,164,121,12,13,13,18,18,20,20,20,20,20,20,20,20,18,20,27,27,27,29,79,81,81,75,80,75,74,70,87,88,79,0,80,60,66,0,0,0,0,0,167,13,26,137,210,0,27,0,0,0,0,0,0,0,0,0,0,0,0,0,0,0,0,0,0,0,0,0,0,0,0,0,0,0,0,0,0,0]} 1. e4 c5 2. Nf3 a6 3. c3 d5 4. exd5 Qxd5 5. d4 e6 6. Be3 cxd4 7. cxd4 Nf6 8. Nc3 Qd6 9. Bd3 Nc6 {[%cal Bb8c6,Bc6a5,Ba5b3][%mdl 32]} 10. a3 Be7 11. O-O O-O 12. Rc1 Bd7 {B22: Sicilian: 2 c3} 13. Qd2 $146 ({Predecessor:} 13. b4 Rfd8 14. Qb3 Be8 15. Ne4 Qd5 16. Qb1 h6 17. Nc5 Ra7 18. Rfd1 Qh5 19. h3 Nd5 20. Bh7+ {½-½ (42) Schroeder,J (2514)-Van Foreest,J (2615) Douglas 2016}) 13... Na5 {White should prevent ...Nb3.} 14. Bf4 Qb6 15. Qe3 Bc6 (15... Rfc8 $11) 16. Ne5 Rfd8 17. b4 Nb3 {[%mdl 64] Double Attack} 18. Rcd1 $1 Bb5 19. Nxb5 axb5 20. Bxh7+ $1 {[%mdl 64] Discovered Attack} Nxh7 21. Qxb3 Qa7 ({Better is} 21... Rd5 $14) 22. Bc1 Rd5 23. Bb2 (23. Qh3 {with more complications.} Nf8 24. Qh5 Ng6 25. Qe2 Nxe5 26. dxe5 Rxd1 27. Rxd1 Qb6 28. Rd7) 23... Nf6 24. Rc1 Bd6 25. Qf3 Rd8 26. Rfe1 Qb8 27. h3 Bc7 28. Qe3 Bd6 29. Rc2 Qa7 30. Qe2 Bxe5 31. dxe5 Nd7 32. Qg4 Qb8 33. Qg5 $36 {[%mdl 2048] White is more active.} Nb6 ({Black should try} 33... Rc8 $14 34. Rxc8+ Qxc8) 34. Re4 $1 $18 {[%cal Re4g4]} f5 35. Rh4 Nc4 36. Qg6 Rxe5 $2 (36... Nxe5 37. Qh7+ (37. Qxe6+ Nf7 $16) 37... Kf7) 37. Bxe5 (37. Rc1 $142 {Threatens to win with Rh7.} Qc7 38. f4) 37... Qxe5 {[%cal Rd8d1]} 38. Rc1 Nxa3 (38... Qf6 $142 39. Qh5 Kf8) 39. Qh7+ (39. f4 $142 Qd6 40. Rc3) 39... Kf7 40. Qh5+ (40. Rh6 $142) 40... Kf6 41. Rd1 Rd5 42. f4 Qe3+ 43. Kh2 (43. Kh1 $1 $16 Rxd1+ 44. Qxd1) 43... Rxd1 $11 44. Qxd1 {[%mdl 4096] Endgame KQR-KQN} Nc4 $1 45. Qd8+ Kf7 46. Qd7+ Kf6 47. Qxb5 Qf2 {Strongly threatening ...Ne3.} 48. Qxc4 Qxh4 {KQ-KQ} 49. g3 Qh5 50. Qd4+ Kg6 51. Qe5 Kf7 52. Qc7+ Kg6 {Black wants to play ...Qe2+.} 53. Qxb7 Qe2+ 54. Qg2 Qb5 55. Qa2 Kf7 56. Qb2 Ke8 57. Qe5 Qc4 58. Qb2 (58. Kg2 $16) 58... Kd8 (58... Qb5 $11) 59. h4 g6 60. h5 (60. Qd2+ $14 Kc7 61. g4) 60... gxh5 61. Kh3 Qf1+ 62. Kh4 Qf3 $2 {[#]} (62... Qh1+ $11 63. Kg5 Qf3) 63. Qh8+ $2 (63. Qg7 $1 $18) 63... Ke7 $1 {[%csl Gf5,Gh5][%cal Rf3g4]} 64. Qg7+ Ke8 {[#]} (64... Kd6 $16) 65. Qh8+ $2 (65. Qg6+ $1 $18 Kd7 66. Qxh5) 65... Ke7 $1 {[%csl Gf5,Gh5][%cal Rf3g4]} 66. Qxh5 Qf2 {...Qh2+ is the strong threat.The position is equal.} 67. Qh7+ Kf6 $1 {[%cal Rf2h2]} 68. Qh8+ Kg6 {[%cal Rf2h2]} 69. Qe8+ Kf6 {[%cal Rf2h2]} 70. Qd8+ Kg6 {[%cal Rf2h2]} 71. Qg5+ Kf7 {[%cal Rf2h2]} 72. Qh5+ Kf6 {[%cal Rf2h2]} 73. Qh8+ Kg6 {[%cal Rf2h2]} 74. Qe8+ Kf6 {[%cal Rf2h2]} 75. Qd8+ Kg6 {[%cal Rf2h2]} 76. Qg8+ Kf6 {[%cal Rf2h2]} 77. Qg5+ Kf7 {[%cal Rf2h2]} 78. Kh5 {And now Qg6+ would win.} Qh2+ $1 79. Qh4 Qb2 {( -> ...Qh8+)} 80. Qd8 {Hoping for Qc7+.} (80. Qg5 $5 {[%cal Rg5g6]}) 80... Qh2+ 81. Qh4 {Accuracy: White = 60%, Black = 53%.} 1/2-1/2

[Event "RUS-chT Premier 2019"]
[Site "Sochi"]
[Date "2019.05.10"]
[Round "9.22"]
[White "Lintchevski, Daniil"]
[Black "Oparin, Grigoriy"]
[Result "1/2-1/2"]
[WhiteElo "2525"]
[BlackElo "2624"]
[Annotator "TA"]
[PlyCount "160"]
[EventDate "2019.05.01"]
[EventType "team-tourn"]
[EventCountry "RUS"]
[SourceTitle "playchess.com"]
[Source "ChessBase"]
[SourceQuality "1"]

{[%evp 10,160,30,15,15,8,17,14,15,21,19,-15,8,-18,-13,-17,-15,-16,-14,-15,0,0,0,0,0,0,0,-8,-3,-11,-10,-28,-21,-26,-15,-18,-13,-10,-14,-7,-19,-59,-54,-77,-77,-80,-80,-84,-84,-86,-68,-68,-70,-79,-79,-74,-70,-70,-65,-59,-58,-87,-63,-113,-115,-114,-102,-93,-109,-120,-116,-82,-52,-51,-38,-38,-29,-30,-29,-29,-28,-28,-31,-61,-13,-14,-15,-18,-15,-15,-8,-8,-9,-9,-5,-20,-8,-59,-14,-10,-10,-85,-65,-64,-67,-77,-80,-87,-90,-83,-162,-121,-58,-77,-58,-116,-78,-74,-58,-76,-75,-75,-75,-96,-88,-106,-90,-230,-20,-20,-20,-20,-8,-588,-8,-20,0,0,0,0,0,-20,0,0,0,0,0,0,0,0,0,0,0]} 1. e4 c6 2. d4 d5 3. Nd2 dxe4 4. Nxe4 Nf6 5. Nxf6+ exf6 6. Bc4 Na6 {B15: Caro-Kann: 3 Nc3: 3...g6 and 3...dxe4 4 Nxe4 Nf6 5 Nxf6+ exf6} 7. Nf3 $146 ({Predecessor:} 7. c3 Nc7 8. Qb3 Qe7+ 9. Ne2 b5 10. Bd3 Be6 11. Qc2 Qd7 12. O-O Bd6 13. Bf4 g6 14. a4 {0-1 (29) Pezelj,N (2475)-Fridman,D (2633) Skopje 2018}) 7... Bd6 8. Qe2+ Qe7 9. Qxe7+ Bxe7 10. Bf4 Be6 11. Bxe6 fxe6 12. O-O-O Kf7 13. Rhe1 Rad8 14. c3 c5 15. Be3 g5 16. Kc2 g4 17. Ng1 cxd4 18. Rxd4 Rxd4 19. Bxd4 b6 20. Ne2 Nc7 21. c4 Rc8 22. Bc3 b5 23. Rd1 e5 24. cxb5 Nxb5 25. f3 h5 26. f4 exf4 27. Nxf4 Bd6 ({Of course not} 27... Nxc3 $6 28. bxc3 Rc5 29. Rd7 $11) 28. Ne2 Bxh2 29. Rh1 Be5 30. Rxh5 Kg6 31. Nf4+ Kg7 {[%cal Rb5c3]} 32. Ne2 Nxc3 33. bxc3 $17 {[%mdl 4096] Endgame KRB-KRN} Kg6 34. Rh1 f5 35. Kd3 Rb8 36. c4 Rd8+ $1 37. Ke3 Bd6 38. Nc1 Bc5+ 39. Ke2 Re8+ 40. Kd2 f4 41. Nd3 Be3+ 42. Kc3 Rg8 43. c5 f3 44. gxf3 g3 45. Ne1 $1 Bxc5 46. Ng2 Rc8 47. Kd3 Rd8+ 48. Ke2 Re8+ 49. Kd3 Rb8 50. Rh4 Bf2 51. Rg4+ Kf7 52. Nh4 Rb1 53. f4 ({White should play} 53. Nf5 $11) 53... Ra1 54. Ke4 Rxa2 55. Rg5 (55. Nf5 $1 $11) 55... Ra4+ 56. Kf3 a5 57. Rf5+ Ke6 58. Re5+ Kd7 59. Nf5 Ra3+ 60. Kg2 Ra2 (60... a4 $17 {And now ...Rd3 would win.} 61. Re7+ Kc6 62. Re6+ Kc5 63. Re5+ Kb4 64. Re4+ Ka5 65. Re5+ Kb4 66. Re4+ Kb5 67. Re5+ Bc5 68. Nxg3 Kc4 69. Re4+ Kb3) 61. Re7+ $15 Kc6 {Strongly threatening ...Bc5+.} 62. Re8 (62. Nxg3 $15 Bc5+ {[%mdl 64] Discovered Attack} 63. Re2 Rxe2+ 64. Nxe2) 62... a4 {...Be1+ is the strong threat.} 63. Nxg3 a3 64. Ne2 Bc5 65. Kf3 Rd2 66. Ra8 Kb5 67. f5 Kc4 68. Nf4 {[#]} (68. Ra4+ $17 Kb3 69. Ra8) 68... a2 $2 (68... Rd7 $1 $19 {[%cal Rd7a7]} 69. Ne6 Ba7 70. Rc8+ Kb4) 69. f6 $11 Kb3 70. f7 Bb4 71. Rb8 $2 {[%mdl 8192] [#]} (71. Ke4 $11 {and White is okay.}) 71... a1=Q $2 {[#]} (71... Rd8 $1 $19 {[%cal Rd8b8][%mdl 512]} 72. Rxd8 a1=Q 73. Rd3+ Ka4) 72. Rxb4+ $1 {[%mdl 576] Remove Defender. The position is equal.} Kxb4 73. f8=Q+ {KQR-KQN} Kb3 {aiming for ...Qf1+.} 74. Qf7+ Kc2 {White must now prevent ...Qf1+.} 75. Qc4+ Kb1 76. Qf1+ Kb2 77. Nd3+ {[#]} Rxd3+ $1 {[%mdl 512]} 78. Qxd3 Qa3 79. Qe3 Qxe3+ 80. Kxe3 Kc2 {Accuracy: White = 60%, Black = 57%.} 1/2-1/2

[Event "RUS-chT Premier 2019"]
[Site "Sochi"]
[Date "2019.05.10"]
[Round "9.23"]
[White "Predke, Alexandr"]
[Black "Ionov, Sergey"]
[Result "1-0"]
[WhiteElo "2626"]
[BlackElo "2530"]
[Annotator "TA"]
[PlyCount "97"]
[EventDate "2019.05.01"]
[EventType "team-tourn"]
[EventCountry "RUS"]
[SourceTitle "playchess.com"]
[Source "ChessBase"]
[SourceQuality "1"]

{[%evp 23,97,15,26,28,22,26,21,0,36,11,27,20,60,54,62,50,67,48,68,47,86,26,47,54,46,51,50,28,40,46,64,60,67,62,63,64,65,63,137,106,122,139,204,222,227,139,265,253,296,302,290,168,267,267,255,274,258,245,298,302,300,302,295,296,320,309,293,275,814,803,773,741,1354,1084,5214,4968]} 1. d4 e6 2. c4 f5 3. g3 Nf6 4. Bg2 c6 5. Nf3 d5 6. O-O Bd6 7. b3 Qe7 8. Bb2 O-O 9. Qc1 b6 10. Ba3 Bb7 11. Bxd6 Qxd6 12. Nc3 Nbd7 13. Rd1 {A90: Dutch Defence: Miscellaneous and Modern Stonewall (with ...Bd6)} Rac8 14. e3 Rfd8 {[#]} 15. Ne2 $146 {The position is equal.} ({Predecessor:} 15. Qb2 c5 16. Qa3 a5 17. Nb5 Qf8 18. Ne5 cxd4 19. Qxf8+ Kxf8 20. exd4 Ba8 21. Rac1 Ke7 22. cxd5 Nxd5 23. Na7 Rxc1 24. Rxc1 Nxe5 25. dxe5 Nb4 26. Nc8+ {1-0 (26) Jakovenko,D (2741)-Bareev,E (2663) Novosibirsk 2012}) 15... Ne4 16. Qb2 Qe7 17. Nf4 a5 18. Rac1 Re8 19. Rc2 Nd6 20. h3 Nf7 21. Rdc1 g5 22. Nd3 (22. Nh5 $16) 22... h6 23. cxd5 exd5 24. Rc3 Qe6 25. Qc2 Rf8 26. Qd1 Qd6 27. a3 {[%cal Ba2a3,Ba3b4][%mdl 32]} Kg7 28. b4 axb4 29. axb4 b5 30. Ra3 Ra8 (30... Nb6 $14) 31. Rca1 Rxa3 32. Rxa3 Ra8 (32... Rc8 $16 {was necessary.} 33. Nfe5 Rc7) 33. Rxa8 $18 Bxa8 34. Qa1 Qb8 (34... Bb7 $16 35. Nfe5 Qc7) 35. Nc5 Nb6 36. Ne5 Bb7 37. Qb1 (37. g4 $142) 37... Nd6 (37... Nxe5 $142 38. dxe5 (38. Qxf5 Bc8 $14) 38... Bc8) 38. g4 Bc8 39. Nxc6 Qc7 40. Ne5 Qe7 41. Qa2 fxg4 42. hxg4 Ndc4 43. Bf3 Nxe5 44. dxe5 Nc4 45. Bxd5 {[#] Hoping for e6.} Bxg4 $2 (45... Nxe5 46. Qa8 Qd6) 46. Bxc4 {White is clearly winning.} bxc4 47. Qxc4 Bf3 48. Ne6+ Kh8 49. Qc8+ {Accuracy: White = 61%, Black = 23%.} 1-0

[Event "RUS-chT Premier 2019"]
[Site "Sochi"]
[Date "2019.05.10"]
[Round "9.24"]
[White "Ivanov, Sergey"]
[Black "Khismatullin, Denis"]
[Result "0-1"]
[WhiteElo "2504"]
[BlackElo "2619"]
[Annotator "RC"]
[PlyCount "78"]
[EventDate "2019.05.01"]
[EventType "team-tourn"]
[EventCountry "RUS"]
[SourceTitle "playchess.com"]
[Source "ChessBase"]
[SourceQuality "1"]
[TimeControl "40/5400+30:1800+30"]

1. d4 {[%emt 0:00:00]} Nf6 {[%emt 0:00:00]} 2. c4 {[%emt 0:00:00]} e6 {[%emt 0:00:00]} 3. Nc3 {[%emt 0:00:00]} d5 {[%emt 0:01:38]} 4. Bg5 {[%emt 0:00:14]} Nbd7 {[%emt 0:01:07]} 5. e3 {[%emt 0:00:34]} c6 {[%emt 0:02:47]} 6. a3 {[%emt 0:03:43]} Be7 {[%emt 0:03:47]} 7. Nf3 {[%emt 0:00:48]} O-O {[%emt 0:00:40]} 8. Qc2 {[%emt 0:01:51]} a6 {[%emt 0:10:09]} 9. Rd1 {[%emt 0:01:26]} b6 {[%emt 0:00:30]} 10. Bd3 {[%emt 0:02:42]} Bb7 {[%emt 0:00:46]} 11. O-O {[%emt 0:02:03]} dxc4 {[%emt 0:09:30]} 12. Bxc4 {[%emt 0:00:25]} c5 {[%emt 0:00:29]} 13. dxc5 {[%emt 0:16:35]} Qc7 {[%emt 0:14:45]} 14. Be2 {[%emt 0:05:45]} Nxc5 {[%emt 0:00:35]} 15. Bf4 {[%emt 0:10:17]} Qc6 {[%emt 0:02:16]} 16. Rc1 {[%emt 0:01:50]} Rfc8 {[%emt 0:03:38]} 17. Rfd1 {[%emt 0:02:00]} Qe8 {[%emt 0:03:37]} 18. b4 {[%emt 0:06:07]} Nce4 {[%emt 0:02:39]} 19. Qb3 {[%emt 0:02:20]} Nxc3 {[%emt 0:02:04]} 20. Rxc3 {[%emt 0:00:09]} Rxc3 {[%emt 0:00:05]} 21. Qxc3 {[%emt 0:00:07]} Nd5 {[%emt 0:00:12]} 22. Qb2 {[%emt 0:02:00]} a5 {[%emt 0:01:41]} 23. Be5 {[%emt 0:03:18]} axb4 {[%emt 0:05:48]} 24. axb4 {[%emt 0:00:14]} f6 {[%emt 0:08:48]} 25. Bd4 {[%emt 0:01:01]} Nxb4 {[%emt 0:08:08]} 26. Bc4 {[%emt 0:02:19]} Bd5 {[%emt 0:07:32]} 27. Bxd5 {[%emt 0:05:42]} Nxd5 {[%emt 0:00:05]} 28. e4 {[%emt 0:00:35]} Qa4 {[%emt 0:03:04]} 29. Rf1 {[%emt 0:08:12]} Nb4 {[%emt 0:03:40]} 30. Bxb6 {[%emt 0:02:33]} Qc6 {[%emt 0:00:16]} 31. Qd4 {[%emt 0:04:47]} Ra6 {[%emt 0:01:09]} 32. Bd8 {[%emt 0:00:30]} Bc5 {[%emt 0:00:25]} 33. Qd1 {[%emt 0:02:38]} Qxe4 {[%emt 0:01:10]} 34. Bc7 {[%emt 0:00:40]} Nd5 {[%emt 0:02:26]} 35. Qb3 {[%emt 0:04:01]} Bb4 {[%emt 0:00:13]} 36. Bg3 {[%emt 0:00:36]} Ra3 {[%emt 0:00:29]} 37. Qb2 {[%emt 0:00:30]} Nc3 {[%emt 0:00:47]} 38. Re1 {[%emt 0:01:30]} Qc4 {[%emt 0:01:02]} 39. Ra1 {[%emt 0:01:42]} Qb3 {[%emt 0:00:49]} 0-1

[Event "RUS-chT Premier 2019"]
[Site "Sochi"]
[Date "2019.05.10"]
[Round "9.25"]
[White "Dominguez Perez, Leinier"]
[Black "Paravyan, David"]
[Result "1-0"]
[WhiteElo "2750"]
[BlackElo "2610"]
[Annotator "TA"]
[PlyCount "93"]
[EventDate "2019.05.01"]
[EventType "team-tourn"]
[EventCountry "RUS"]
[SourceTitle "playchess.com"]
[Source "ChessBase"]
[SourceQuality "1"]

{[%evp 24,93,26,4,23,20,20,10,3,0,0,0,0,0,-3,-7,26,31,31,27,63,26,29,-24,44,-9,10,-23,50,-25,-38,-39,0,-50,16,-24,30,27,22,21,47,25,143,79,118,104,631,637,664,654,656,656,656,636,594,0,633,541,510,512,590,566,636,647,697,696,682,679,1021,1021,29998,29999]} 1. e4 c5 2. Nf3 d6 3. d4 cxd4 4. Nxd4 Nf6 5. Nc3 a6 6. Be3 e5 7. Nb3 Be7 8. f3 Be6 9. Qd2 O-O 10. O-O-O Nbd7 11. g4 b5 12. g5 Nh5 13. Nd5 Bxd5 $1 {B90: Sicilian Najdorf: Unusual White 6th moves, 6 Be3 Ng4 and 6 Be3 e5} 14. exd5 f6 15. gxf6 Rxf6 {The position is equal.} (15... Bxf6 16. Kb1 Nf4 17. Na5 Nb6 18. Nc6 Qc7 19. Bxf4 exf4 20. c3 Rae8 21. Rg1 {½-½ (88) So,W (2776)-Wojtaszek,R (2727) Batumi 2018}) 16. Na5 Nf4 ({But not} 16... Rxf3 17. Nc6 $16) 17. Nc6 Qf8 18. Kb1 Bd8 19. c4 Bb6 $146 ({Predecessor:} 19... bxc4 20. Qb4 Rf7 21. Qxc4 {1-0 (47) Badolati,S (2518)-Reis,C (2443) ICCF email 2008}) 20. cxb5 axb5 21. Bxb5 Kh8 22. Rhf1 Qf7 23. Bc4 (23. a3 $142) 23... Ng6 (23... Bxe3 $11 24. Qxe3 Ng2) 24. Be2 (24. Bg5 $14) 24... Nf4 25. Bc4 Ng6 (25... Bxe3 $11 26. Qxe3 Ng2) 26. Qf2 (26. Bg5 $14) 26... Bxe3 $11 27. Qxe3 Rf4 28. Be2 Ne7 (28... Nc5 $15) 29. a3 Nc5 ({Black should try} 29... Nf5 30. Qc3 Qf6) 30. Nxe7 Qxe7 31. Rg1 Rb8 32. b4 h5 {[#]} (32... Rh4 $11) 33. Rd2 (33. Rc1 $142 $1) 33... Qh4 {[#] Hoping for ...Rfxb4+!} 34. Rb2 $1 $36 {[%mdl 2048] Keeping Black busy.} Na4 $2 {[%mdl 8192] [#]} (34... Nd7 $16) 35. Qa7 $1 $18 {[%csl Gg1,LRa4,LRb8,LRg7][%cal Ra7g7][%mdl 576] Double Attack} Nc3+ 36. Kc2 {[%csl Gg1][%cal Ra7g7]} Rg8 37. Kxc3 Rd4 {...Qf2 is the strong threat.} 38. Qf7 Rf4 39. Qa7 Rd4 $1 {aiming for ...Qf2.} 40. Bb5 Qf4 {White must now prevent ...Qe3+.} 41. Re2 Qxf3+ 42. Kb2 Qxd5 43. Ba4 Qf3 44. Rgg2 Qf6 45. Bc2 Rf4 46. Rg6 Qf8 {[#]} 47. Rh6+ $1 {[%mdl 512] Accuracy: White = 37%, Black = 24%.} 1-0

[Event "RUS-chT Premier 2019"]
[Site "Sochi"]
[Date "2019.05.10"]
[Round "9.26"]
[White "Esipenko, Andrey"]
[Black "Matlakov, Maxim"]
[Result "0-1"]
[WhiteElo "2620"]
[BlackElo "2697"]
[Annotator "TA"]
[PlyCount "56"]
[EventDate "2019.05.01"]
[EventType "team-tourn"]
[EventCountry "RUS"]
[SourceTitle "playchess.com"]
[Source "ChessBase"]
[SourceQuality "1"]

{[%evp 9,56,23,35,0,2,0,0,1,3,-6,0,0,29,0,0,-7,0,-12,-14,-9,-22,-50,-36,-39,-9,-31,0,-45,-31,-65,-32,-91,-77,-92,-79,-104,-83,-331,-332,-413,-398,-393,-418,-605,-620,-1128,-1095,-29990,-29991]} 1. e4 c5 2. Nf3 d6 3. d4 cxd4 4. Nxd4 Nf6 5. Nc3 a6 6. h4 {B90: Sicilian Najdorf: Unusual White 6th moves, 6 Be3 Ng4 and 6 Be3 e5} e5 7. Nb3 Be7 8. Bg5 {The position is equal.} Be6 9. Bxf6 Bxf6 10. g3 Be7 11. Qd2 Nd7 12. O-O-O Nf6 13. f4 b5 {[#]} 14. f5 $146 Bd7 15. Qd3 Rc8 16. Kb1 O-O 17. Nd2 Bc6 18. Bg2 Qb6 {...Ng4 is the strong threat.} 19. Bf3 h5 (19... b4 $5 {[%cal Rb4c3]} 20. Nd5 Nxd5 21. exd5 Ba4 $15) 20. Qe2 (20. Nd5 $15 Bxd5 21. exd5) 20... a5 $17 {[%cal Ba6a5,Ba5a4,Ba4a3,Ba3b2][%mdl 32]} 21. Nd5 {[#]} Bxd5 $1 22. exd5 a4 23. Bxh5 $2 (23. Ne4 $17 {keeps fighting.}) 23... a3 $19 24. Ne4 axb2 25. Nxf6+ Bxf6 26. Bg6 (26. Rd3 $142 Rc4 27. Ra3) 26... Rc7 27. Qh5 {[%csl Gg6][%cal Rh5h7] [#]} Rfc8 28. g4 Qf2 {Accuracy: White = 24%, Black = 75%.} 0-1